000 00535nam a2200181Ia 4500
003 GCL
008 140319s9999 xx 000 0 ara d
040 _aGCL /
_cGCL
082 0 4 _a252.38
_bم ق
100 1 _aمحمد ناصر الدين الالبانى
245 1 0 _aقيام رمضان /
_cمحمد ناصر الدين الالبانى
260 _a[S.N] :
_bمكتبة التراث الاسلامى
300 _a46 ص
490 _a
650 0 4 _aالصلاة
650 0 4 _aالشعائر الدينية
942 _2ddc
_cBK
999 _c34016
_d34016